Nomination of Desiree Tucker-Sorini, Janet A. Nuzum, and Carol T. Crawford : hearing before the Committee on Finance, United States Senate, One Hundred Second Congress, first session, on the nomination of Desiree Tucker-Sorini to be an Assistant Secretary of the Treasury; Janet A. Nuzum to be a member of the U.S. International Trade Commission; and Carol T. Crawford to be a member of the U.S. International Trade Commission, June 27, 1991.

Bibliographic Details
Corporate Authors: United States. Congress. Senate. Committee on Finance, ProQuest (Firm)
Format: Government Document eBook
Language:English
Published: Washington : U.S. G.P.O., 1991.
Series:U.S. Congressional Hearings.
Subjects:
Online Access:Connect to the full text of this electronic book

MARC

Tag First Indicator Second Indicator Subfields
LEADER 00000cam a22000001a 4500
001 in00003290523
006 m d f
007 cr bn mmmapmmp
008 091022s1991 dcu o f000 0 eng d
005 20260504201214.7
035 |a cis2007459288 
040 |a UMI  |c UMI  |d UtOrBLW 
043 |a n-us--- 
074 |a 1038-A, 1038-B (MF) 
086 0 |a Y 4.F 49:S.hrg.102-147 
099 |a HRG-1991-FNS-0010 
110 1 |a United States.  |b Congress.  |b Senate.  |b Committee on Finance. 
245 1 0 |a Nomination of Desiree Tucker-Sorini, Janet A. Nuzum, and Carol T. Crawford :  |b hearing before the Committee on Finance, United States Senate, One Hundred Second Congress, first session, on the nomination of Desiree Tucker-Sorini to be an Assistant Secretary of the Treasury; Janet A. Nuzum to be a member of the U.S. International Trade Commission; and Carol T. Crawford to be a member of the U.S. International Trade Commission, June 27, 1991. 
264 1 |a Washington :  |b U.S. G.P.O.,  |c 1991. 
300 |a 1 online resource. 
336 |a text  |b txt  |2 rdacontent 
337 |a computer  |b c  |2 rdamedia 
338 |a online resource  |b cr  |2 rdacarrier 
490 1 |a S. hrg. ;  |v 102-147 
500 |a Record is based on bibliographic data in ProQuest Congressional Hearings Digital Collection. Reuse except for individual research requires license from ProQuest, LLC. 
538 |a System requirements: PDF reader software. 
500 |a Electronic resource. 
600 1 0 |a Tucker-Sorini, Desiree,  |d 1958- 
600 1 0 |a Crawford, Carol Tallman,  |d 1943- 
600 1 0 |a Nuzum, Janet Ann,  |d 1956- 
610 1 0 |a United States.  |b Department of the Treasury  |x Officials and employees  |x Selection and appointment. 
610 2 0 |a United States International Trade Commission  |x Officials and employees  |x Selection and appointment. 
655 7 |a Electronic books.  |2 local 
710 2 |a ProQuest (Firm) 
776 0 8 |i Print version:  |a United States. Congress. Senate. Committee on Finance.  |t Nomination of Desiree Tucker-Sorini, Janet A. Nuzum, and Carol T. Crawford  |w (DGPO)92055343  |w (OCoLC)24595700 
776 0 8 |i Microfiche version:  |a United States. Congress. Senate. Committee on Finance.  |t Nomination of Desiree Tucker-Sorini, Janet A. Nuzum, and Carol T. Crawford.  |d [Bethesda, Md.] : ProQuest,[2004]  |o CIS 91 S361-46  |w (ProQuest)cis09102303 
810 1 |a United States.  |b Congress.  |b Senate.  |t S. hrg. ;  |v 102-147. 
830 0 |a U.S. Congressional Hearings. 
856 4 0 |u http://proxy.library.tamu.edu/login?url=https://congressional.proquest.com/congcomp/getdoc?HEARING-ID=HRG-1991-FNS-0010  |z Connect to the full text of this electronic book  |t 0 
998 |a cis09102303 
999 |a MARS 
999 f f |s f31c5bc8-5199-3c9b-8cf7-abe0f788f3ab  |i 417ae36f-c967-31e6-8d1b-4cb9e96590af  |t 0 
952 f f |a Texas A&M University  |b College Station  |c Electronic Resources  |s www_evans  |d Available Online  |t 0  |e HRG-1991-FNS-0010  |h Other scheme 
998 f f |a HRG-1991-FNS-0010  |t 0  |l Available Online